01156nam a2200253 i 4500001000300000245019500003260015500198300003300353500002800386504004200414650004500456650005100501650004300552700003100595700002900626700003500655020001800690040000800708041000800716044000800724080003100732008004100763856009800804bg00aRozwój rolnictwa, gospodarki żywnościowej i obszarów wiejskich Polski w Unii Europejskiej /cpod red. nauk. Stanisława Zięby, Andrzeja Kowalskiego ; [aut. Marian G. Brodziński]. aWarszawa :bAlmamer Wyższa Szkoła Ekonomiczna :bInstytut Ekonomiki Rolnictwa i Gospodarki Żywnościowej - Państwowy Instytut Badawczy,c2007. a244, [1] s. :bil. ;c24 cm. aNazwy aut. na s. [245]. aBibliogr. pprzy niektórych pracach. 9aRolnictwoxekonomikazPolskayod 2001 r. 9aGospodarka żywnościowazPolskayod 2001 r. 9aWieśxgospodarkazPolskayod 2001 r.1 aZięba, Stanisław.eRed.1 aKowalski, Andrzej.eRed.1 aBrodziński, Marian Grzegorz. a9788360197554 cBPK apol aPOL a338.43(438:4-67)"2001/..." s pl f |000 0 pol  uhttp://koha.tu.koszalin.pl/cgi-bin/koha/opac-detail.pl?biblionumber=55858yKatalog online BPK